|
|
|
|
| LEADER |
01741nam a2200373 i 4500 |
| 001 |
44520 |
| 003 |
BD-DhAAL |
| 005 |
20251120103145.0 |
| 008 |
250804t2017 sz o c 000 0 eng d |
| 010 |
|
|
|a 2017429371
|
| 020 |
|
|
|a 9783858817877
|
| 035 |
|
|
|a 19786669
|
| 040 |
|
|
|a DLC
|b eng
|c DLC
|e rda
|d BD-DhAAL
|
| 042 |
|
|
|a pcc
|
| 043 |
|
|
|a a-bg---
|
| 050 |
0 |
0 |
|a TR655
|b .C553 2017
|
| 082 |
|
|
|a 779.9954922
|2 23
|
| 100 |
1 |
|
|a Chowdhury, Kashef,
|e photographer.
|
| 240 |
1 |
0 |
|a Photographs.
|k Selections.
|
| 245 |
0 |
0 |
|a Kashef Chowdhury :
|b Dhaka: memories or lost /
|c text: Philip Ursprung.
|
| 246 |
3 |
|
|a Dhaka: memories or lost
|
| 260 |
|
|
|a Zurich :
|b Scheidegger & Spiess,
|c c2017.
|
| 300 |
|
|
|a 72 unnumbered pages :
|b chiefly color photographs ;
|c 33 cm
|
| 526 |
|
|
|a ARC
|x Saiqa Iqbal Meghna
Assistant Professor
Department of Architecture
BRAC University
Course Name : Design V (ARC 301) to Design X (ARC 503)
Type : Reference book for studio tutors.
|
| 541 |
|
|
|a URBANA
|e 44520
|
| 600 |
1 |
0 |
|a Chowdhury, Kashef
|v Catalogs.
|9 58954
|
| 650 |
|
0 |
|a Photography, Artistic
|v Catalogs.
|9 58955
|
| 650 |
|
0 |
|a Black-and-white photography
|v Catalogs.
|9 58956
|
| 651 |
|
0 |
|a Dhaka, Bangladesh
|x Social conditions
|v Pictorial works.
|9 58957
|
| 700 |
1 |
|
|a Ursprung, Philip,
|e writer of supplementary textual content.
|9 58958
|
| 852 |
|
|
|a Ayesha Abed Library
|
| 942 |
|
|
|2 ddc
|c BK
|
| 999 |
|
|
|c 47370
|d 47370
|
| 952 |
|
|
|0 0
|1 0
|2 ddc
|4 0
|6 779_995492200000000_CHO
|7 0
|9 77978
|a BRACUL
|b BRACUL
|c GEN
|d 2025-08-03
|e URBANA
|g 2000.00
|l 0
|o 779.9954922 CHO
|p 3010044520
|r 2025-08-03
|t 1
|v 4000.00
|w 2025-08-03
|y BK
|x Requisitioned by Saiqa Iqbal Meghna (Assistant Professor, Department of Architecture, BRAC University) for the course named- "Design V (ARC 301) to Design X (ARC 503)".
|